[Event "NED-ch54"]
[Site "Rotterdam "]
[Date "1999.06.10"]
[Round "11"]
[White "Van Wely, Loek"]
[Black "Piket, Jeroen"]
[Result "1/2-1/2"]
[WhiteElo "2632"]
[BlackElo "2619"]
[Annotator "Huzman,A"]
[PlyCount "47"]
[EventDate "1999.05.29"]
[EventType "tourn"]
[EventRounds "11"]
[EventCountry "NED"]
[EventCategory "12"]
[SourceTitle "CBM 072"]
[Source "ChessBase"]
[SourceDate "1999.10.01"]
[SourceVersion "1"]
[SourceVersionDate "1999.10.01"]
[SourceQuality "1"]

1. d4 d5 2. c4 dxc4 3. e4 Nf6 4. e5 Nd5 5. Bxc4 Nc6 6. Ne2 Nb6 7. Bb3 Bf5 8.
Nbc3 e6 9. a3 Be7 10. O-O Qd7 11. Be3 O-O-O 12. Qc1 (12. Rc1 Qe8 (12... f6 13.
exf6 gxf6 14. Na4 Nd5 15. Bc4 Na5 16. Ba2 Bg4 17. Nac3 Rhg8 18. Qd2 Nb6 19. Ne4
Nc6 20. f3 Bh5 21. Nc5 Bxc5 22. Rxc5 Bf7 23. Rfc1 e5 {1/2-1/2 Epishin,V-Salov,
V/Madrid 1995/CBM 47 (28)}) (12... Na5 13. d5 $5 $146 (13. Bc2 Nac4 (13... Bg6
$1 {/\ Nac4}) 14. Bxf5 exf5 15. Qc2 f6 16. exf6 Bxf6 17. Bf4 g5 18. Bxc7 Kxc7
19. b3 Nxa3 20. Qa2 Be7 21. Nb5+ Kb8 22. Nxa3 Bxa3 23. Qxa3 Nd5 $15 {0-1
Rogozenko,D-Maksimenko,A/Lvov 1995/EXP 50 (33)}) (13. Ba2 Nac4 14. Ng3 Bg6 15.
Qe2 Nxe3 16. fxe3 Kb8 17. Rfd1 Nd5 18. e4 Nxc3 19. bxc3 h5 $1 20. Nf1 Qc6 21.
Re1 Bh4 $1 22. g3 Bg5 23. Rc2 h4 $17 {1/2-1/2 Vyzmanavin,A-Greenfeld,A/Burgas
1994/Inf 61/(26)}) 13... exd5 $8 14. Bxb6 axb6 15. Bxd5 Be6 16. Qc2 Kb8 $1 17.
Rcd1 c6 18. Ba2 Qc8 19. Nd4 Bxa2 20. Nxa2 b5 $8 21. Qc3 Qc7 $8 22. Nb4 g6 23.
Nbc2 Qb6 $15 {1/2-1/2 Epishin,V-Magem Badals,J/Manresa 1995/Inf 65/[Magem
Badals,J] (30)}) 13. Ng3 Bg6 14. f4 Kb8 15. d5 exd5 16. Nxd5 Na5 17. Bxb6 axb6
18. Ba2 c6 19. b4 cxd5 20. bxa5 Bxa3 21. axb6 Bxc1 22. Qxc1 Qc6 23. f5 Qxc1 24.
Rxc1 Rhe8 25. Re1 f6 26. e6 Rd6 $11 {1/2-1/2 Salov,V-Sadler,M/
Enghien-les-Bains sp 1999 (36)}) (12. Ba2 h5 (12... f6 13. f4 (13. exf6 Bxf6
14. Qe1 Nxd4 15. Nxd4 Bxd4 16. Bxd4 Qxd4 17. Bxe6+ Bxe6 18. Qxe6+ Qd7 19. Qb3
$14 {Kamsky,G-Magem Badals,J/Madrid/1994/}) 13... h6 14. Qe1 fxe5 15. fxe5 Bg5
16. Bf2 h5 17. Kh1 (17. b4 Kb8 18. Bb3 h4 19. h3 Qe8 20. Rd1 Qg6 $10 {Agrest,
E-Kharlov,A/Pinsk/1993/0-1 (61)}) 17... Qe7 18. Bg1 h4 19. h3 Rhf8 20. b4 Qe8
21. Bb3 Qg6 22. Ra2 Kb8 23. Rf3 Qh6 24. Na4 Nxa4 25. Bxa4 Ne7 26. Nc3 Bf4 {
Tunik,G-Kharlov,A/RUS-ch Elista (01)/1994/1-0 (64)}) 13. Qc1 h4 14. h3 g5 15.
f3 Rhg8 16. Kh2 Kb8 17. b4 f6 18. b5 Na5 19. exf6 Bxf6 20. Ne4 $16 {1-0
Kalesis,N-Ibragimov,I/Ilioupolis 1995/EXP 47 (40)}) (12. Na4 Nd5 13. Rc1 Kb8
14. Bc4 a6 15. b4 Bg4 16. h3 Bh5 17. Bb3 Qe8 18. Qe1 f6 $1 19. exf6 gxf6 20.
Nc5 Bxc5 21. Rxc5 Rg8 $132 {1-0 Nikolic,P-Raetsky,A/Reykjavik 1996/CBM 52/
[Ftacnik] (40)}) 12... Kb8 (12... f6 13. Rd1 fxe5 14. dxe5 Qe8 15. Rxd8+ Qxd8 (
15... Bxd8 16. Nb5) 16. Ng3 Nxe5 (16... Nd4 17. Ba2 $16) 17. Nxf5 exf5 18. Bxb6
(18. Be6+ Kb8 19. Bxf5 Nbc4 $11) 18... axb6 19. Qf4 Bd6 20. Qxf5+ Kb8 21. Rd1
$14) 13. Rd1 Na5 (13... f6 14. exf6 gxf6 15. Ng3 Bg6 16. Nge4 Na5 17. Ba2 Nac4
18. Nc5 Qc6 19. b4 Rhg8 20. b5 Qe8 (20... Qd6 21. a4 Bh5 22. Re1 $10 {[#]}
Rxg2+ 23. Kxg2 Rg8+ 24. Kh3 {1/2-1/2 Van Wely,L-Anand,V/Wijk aan Zee 1996/CBM
51/[Giese] (24)}) 21. Re1 Bf5 22. Ne2 Qxb5 23. Ng3 Nxe3 24. Qxe3 Bxc5 25. Nxf5
Qc6 26. Qh3 Bxd4 27. Nxd4 Rxd4 28. Rxe6 Rgd8 $15 {1/2-1/2 Van Wely,L-Sadler,M/
Tilburg 1998/EXT 99/[Sadler/Hecht] (67)}) 14. Ba2 Nac4 15. Bf4 (15. d5 $5 exd5
(15... Nxe3 16. Qxe3 exd5 17. Nxd5 Bc2 (17... Bg6 18. Nec3 (18. Nef4 c6 19. Nc3
Qf5 $11) 18... Nxd5 19. Rxd5 $36) 18. Rd4 $36 (18. Rd2 c6 (18... Nxd5 19. Rxd5
Qg4 20. h3 $14) 19. Rxc2 Nxd5 $11 20. Qf3 $140 $2 Nb4 $3 $19)) 16. Nxd5 (16.
Bxb6 Nxb6 17. Nxd5 Nxd5 18. Rxd5 Qe8 $11) 16... Nxe5 (16... Nxe3 17. Nxe3 Qc8
18. Bxf7 $16) 17. Bf4 Bf6 18. Nxf6 Qxd1+ 19. Qxd1 Rxd1+ 20. Rxd1 gxf6 21. Bxe5
fxe5 22. Bxf7 $14) 15... g5 16. Be3 (16. Bxg5 Bxg5 17. Qxg5 Nxb2 18. Rdc1 Nd3
19. Rd1 Nb2 $11) 16... Bg6 17. Ng3 {[%cal Gc3e4]} (17. d5 Nxe3 (17... exd5 18.
Bxc4 (18. Nxd5 Nxe3 (18... Nxe5 19. Bxg5 Nd3 20. Nxb6 axb6 21. Qd2 Rhe8 $15))
18... Nxc4 19. Rxd5 (19. Nxd5 Nxe3 20. Qxe3 Rhe8 $11) 19... Qe6 20. Nd4 (20.
Bxa7+ Kxa7 21. Nd4 Qb6 22. Ncb5+ Kb8 23. Rxd8+ Rxd8 24. Qxc4 c6 25. Nd6 Bxd6
26. exd6 Rxd6 $17) 20... Qg4 21. h3 Qh5 $13) 18. Qxe3 exd5 19. Nxd5 Nxd5 20.
Bxd5 (20. Rxd5 Qg4 21. Rad1 Rxd5 22. Bxd5 Rd8 $11 23. Qb3 $140 c6 24. Nd4 Qxd1+
25. Qxd1 Rxd5 $15) 20... Qb5 $11) 17... Qc6 18. b4 a6 19. Nce4 (19. Bxg5 Bxg5
20. Qxg5 Nb2 21. Rdc1 Nd3 $17) 19... h5 $1 20. Nd2 (20. Bxg5 Bxg5 21. Nxg5 h4
22. Ne2 Bh5 23. f3 h3 $1 $44) 20... Bd3 (20... h4 21. Nxc4 hxg3 22. fxg3 $16)
21. Nb3 (21. Nxc4 Bxc4 22. Bxg5 Bxg5 23. Qxg5 h4 24. Nf1 Rhg8 $17) 21... Bg6 (
21... h4 22. Rxd3 hxg3 23. fxg3 Qe4 (23... Nxe5 24. Rc3 $18) 24. Bb1 $16) 22.
Nd2 Bd3 23. Nb3 Bg6 24. Nd2 1/2-1/2

[Event "RUS-ch KO"]
[Site "Moscow"]
[Date "1999.12.21"]
[Round "4.1"]
[White "Sakaev, Konstantin"]
[Black "Ibragimov, Ildar"]
[Result "1/2-1/2"]
[WhiteElo "2648"]
[BlackElo "2554"]
[Annotator "Huzman,A"]
[PlyCount "112"]
[EventDate "1999.12.04"]
[EventType "k.o."]
[EventRounds "6"]
[EventCountry "RUS"]
[SourceTitle "CBM 075"]
[Source "ChessBase"]
[SourceDate "2000.04.05"]
[SourceVersion "1"]
[SourceVersionDate "2000.04.05"]
[SourceQuality "1"]

1. d4 d5 2. c4 dxc4 3. e4 Nf6 4. e5 Nd5 5. Bxc4 Nb6 6. Bd3 Nc6 7. Ne2 Bg4 8. f3
Be6 9. Nbc3 Nb4 10. Be4 c6 11. a3 N4d5 12. O-O Qd7 13. Qc2 g6 14. Bd3 {[%cal
Gc3e4,Ge4c5]} Nxc3 15. bxc3 Bc4 (15... Bg7 16. c4 $16 {[%csl Rb6,Rg7]}) 16. a4
$1 Bxd3 17. Qxd3 c5 18. a5 c4 19. Qc2 Nd5 20. Nf4 e6 $8 (20... Bg7 21. Nxd5
Qxd5 22. Qa4+ $16) (20... Rd8 21. Nxd5 Qxd5 22. Qa4+ Rd7 23. Rb1 $36) 21. Nxd5
exd5 $16 {Black failed to keep blocade on d5 square.Now White get big
advantage,combining threats on both flanks.} (21... Qxd5 22. Qa4+ $16) 22. f4 (
22. Rb1 $1 Be7 (22... Rc8 23. f4 $36 {[%cal Gf4f5]}) (22... Bg7 23. Ba3) 23.
Bh6 $36) 22... Qf5 23. Qa4+ (23. Qxf5 gxf5 24. Rb1 (24. Ba3 $5 $14) 24... Rb8
25. Rb5 Kd7 $1 26. Rxd5+ $140 $2 Kc6 $19) 23... Qd7 24. f5 $6 {An exchange of
Queens substancially easifies Black`s task.} (24. Qc2 Qf5 25. Qb2 Qd7 26. Rb1
Rb8 27. f5 gxf5 28. Qc2 $16) 24... Qxa4 25. Rxa4 gxf5 26. Rxf5 Be7 $14 27. Bg5
(27. Ra2 Rd8 28. Bg5 (28. Raf2 Rd7 29. Rxf7 $140 $2 Bh4 30. Rxd7 Bxf2+ $19)
28... Bxg5 29. Rxg5 Ke7 $14) 27... Bxg5 28. Rxg5 Rd8 29. Rb4 Rd7 30. Rb2 Ke7
31. Rf2 b5 $1 $132 32. axb6 axb6 33. Rgf5 Rf8 34. Rf6 Rb7 35. e6 (35. Rd6 b5 (
35... Ra8 36. Rxd5 Ra3 37. Rf3 $16) 36. Rxd5 Rc8 $1 (36... b4 37. cxb4 Rxb4 38.
Rc5 $18) 37. Rd6 b4 $132) 35... Ke8 36. R2f5 Re7 37. exf7+ Rexf7 38. Rxf7 Rxf7
39. Rxd5 Ra7 $132 {[%csl Rc3]} 40. Rb5 $6 (40. Kf2 Ra3 41. Re5+ Kd7 42. Re3 Kd6
43. g4 $16) 40... Ra3 41. Rxb6 Rxc3 42. Rh6 Rd3 43. Rxh7 Rxd4 44. Kf2 (44. Rc7
Kd8 45. Rc5 Kd7 46. Kf2 Kd6 47. Rc8 Kd7 48. Ra8 c3 49. Ra2 Rb4 $132) 44... c3
45. Rc7 Rd2+ 46. Kf3 Rd3+ 47. Kg4 Rd2 48. Kh3 c2 49. g4 Kd8 50. Rc4 Ke7 51. Kg3
Ke6 52. Rc8 Ke5 53. h4 Rd3+ 54. Kg2 Rd2+ 55. Kf3 Rd3+ 56. Ke2 Rd4 1/2-1/2

[Event "Dortmund SuperGM 25th"]
[Site "Dortmund"]
[Date "1997.07.13"]
[Round "9"]
[White "Karpov, Anatoly"]
[Black "Anand, Viswanathan"]
[Result "1/2-1/2"]
[WhiteElo "2745"]
[BlackElo "2765"]
[Annotator "Huzman,A"]
[PlyCount "63"]
[EventDate "1997.07.04"]
[EventType "tourn"]
[EventRounds "9"]
[EventCountry "GER"]
[EventCategory "18"]
[SourceTitle "CBM 060"]
[Source "ChessBase"]
[SourceDate "1997.09.29"]
[SourceVersion "1"]
[SourceVersionDate "1997.09.29"]
[SourceQuality "1"]

1. d4 d5 2. c4 dxc4 3. e4 e5 4. Nf3 exd4 5. Bxc4 Nc6 6. O-O Be6 7. Bxe6 fxe6 8.
Qb3 Qd7 9. Qxb7 Rb8 10. Qa6 Nf6 11. Nbd2 (11. e5 Nd5 12. Nbd2 Bc5 13. Ne4 Bb6
14. a3 O-O 15. Qd3 Rf5 $36 {Milov,V-Sermek,D/Biel/1994/0,5/55/}) 11... Bb4 12.
Nc4 (12. Qd3 {Beliavsky -Scherbakov,1996}) (12. e5 Ng4 13. Qe2 Qd5 $10 {
Sherbakov,R-Bronstein,D/Hastings/1995/0,5/13/}) 12... O-O (12... Nxe4 13. Nce5
Nxe5 14. Nxe5 Qd6 15. Qa4+ c6 16. Qxc6+ Qxc6 17. Nxc6 $16) 13. a3 Bc5 (13...
Be7 $5 14. Re1 $14) 14. b4 Bb6 15. b5 Ne7 16. Nfe5 Qe8 17. a4 $5 $146 (17. Re1
Ng6 18. Nd3 (18. Nc6 $2 Nh4 (18... Ra8 19. Qa4 Nh4 20. Bg5 $6 Qh5 21. Bxh4 Qxh4
22. g3 Qh3 23. N6e5 Bc5 $36) 19. Qa4 (19. Nxb8 $6 Qg6 20. g3 Nf3+ 21. Kf1 Nxe1
$19) (19. Bg5 $5 Qh5 $1 20. Bxh4 Qxh4 21. Nxb8 Ng4 22. h3 Qxf2+ 23. Kh1 Qg3 24.
hxg4 Qh4+ 25. Kg1 Qf2+ $10) 19... Qh5 20. h3 (20. Nxb8 $2 Qg4 21. g3 Nf3+ 22.
Kf1 Nxe1 $19) (20. Qd1 Ng4 21. h3 Rxf2 22. Re2 Rbf8 23. hxg4 Qxg4 $19) 20...
Rbe8 21. Nxb6 (21. Qd1 Qxb5 22. Nxb6 Qxc6 $19) 21... Qg6 22. g3 Nf3+ 23. Kf1
Nxe1 24. Bf4 (24. Kxe1 Qxe4+ $19) 24... Nd3 25. Qxd4 (25. Bxc7 Nxe4 $19) 25...
Nxf4 26. Nc8 Qxe4 27. N8e7+ Rxe7 28. Nxe7+ Kf7 29. Qxe4 Nxe4 30. Nc6 Nd5 $19
31. Nxa7 Ra8 32. Nc6 Ne7 33. Kg2 Ra4 34. Re1 Kf6 35. Re3 {0-1 Iskusnyh,
S-Rublevsky,S/RUS-ch Elista 1995}) (18. Qa4 $6 Nxe5 19. Nxe5 Qh5 20. f4 d3+ 21.
Kh1 Bf2 22. Rf1 Qe2 23. Qd1 Nxe4 $19) (18. Nf3 $6 Nh5 19. Kh1 Rxf3 20. gxf3 Qf7
$40) (18. f3 $5) 18... Nh4 (18... Nd7 19. a4 Nc5 20. Nxc5 Bxc5 21. Ba3 $16) 19.
Bf4 (19. Bg5 $2 Nxg2 $1 20. Kxg2 Qh5 21. Bf4 Nxe4 $1 22. Rxe4 Qg6+ 23. Kf3 Qh5+
$11) 19... Nxe4 20. Bg3 Nxg3 21. hxg3 Nf5 22. a4 Ne3 (22... Nd6 23. Nce5 c5 24.
bxc6 Qc8 25. Qxc8 Rbxc8 26. a5 $16) 23. Nce5 $2 $11 {1/2-1/2 Karpov,A-Anand,V/
Dos Hermanas 1997 (34)} (23. fxe3 $1 dxe3 $1 24. Nxb6 $1 axb6 25. Rxe3 $18)) (
17. f3 $5 $13) 17... Nxe4 {[%cal Ye4c5]} 18. Ba3 {[%csl Rb6][%cal Ga4a5]} Nd5 (
18... Kh8 19. Rae1 (19. Nxb6 axb6 20. Bxe7 Qxe7 21. Nc6 Qe8 {[%csl Ra6]}) 19...
Nc5 20. Bxc5 Bxc5 21. Qxe6 {[%cal Ge5d7]} Rf6 22. Qd7 $16) (18... d3 19. Nxd3
Rd8 20. Nce5 $16) 19. Bxf8 Kxf8 {[%cal Yd5b4]} (19... Qxf8 20. Nd7 Qe8 21. Nxb8
Qxb8 22. a5 Nc5 23. axb6 Nxa6 24. bxa7 Qxa7 25. bxa6 $16 {[%cal Ga6a8]}) 20.
Nd3 Nd6 $1 (20... Nb4 $5 21. Nxb4 Nc5 22. a5 Nxa6 23. Nxa6 Rc8 24. axb6 axb6
25. Rab1 $16) (20... Nf4 21. Nce5 $16) 21. Nxd6 (21. Rac1 $1 Nc3 (21... Nxc4
22. Rxc4 c5 {[%csl Ra6][%cal Yd5c7]} 23. Rxc5 $1 $16) 22. Nxd6 cxd6 23. Rfe1 e5
$132 24. a5 Bc7 25. Rxc3 dxc3 26. Qxa7 Qc8 27. b6 Bd8 28. Rc1) (21. Nxb6 axb6
22. Rfe1 Kg8 $17 {[%csl Ra6][%cal Yb8a8]} (22... Ra8 23. Rxe6 Qb8 24. Ne5 $18))
21... cxd6 22. Rac1 (22. Rfc1 $1 Qd7 (22... Qd8 23. a5 Bc7 (23... Nc7 24. axb6
Nxa6 25. bxa7 Nc7 26. b6 Nb5 27. Rcb1 Nxa7 28. bxa7 Rc8 29. Rb7 $18) 24. Qxa7
Rxb5 25. a6 $18 (25. Nf4)) (22... Nc3 23. Rc2 (23. a5 $5 $16) 23... Qg6 $132)
23. a5 Bd8 24. Rc6 Be7 $13 {[%csl Ra6]}) 22... Qd8 {[%cal Yd5c7]} 23. a5 $8
Bxa5 $1 (23... Nc7 24. Rxc7 Bxc7 25. Nf4 Kf7 26. Rc1 {[%cal Ga6a7,Ga7f7]} Bxa5
27. Qxa7+ Kf6 28. Nh5+ (28. Qxd4+ e5 29. Nd5+ Kf7 $14) 28... Kg6 (28... Kg5 29.
Nxg7 $18) 29. g4 $18) 24. Qxa7 Bc3 $44 25. Qa2 (25. Rb1 Ra8 26. Qb7 Rb8 27. Qc6
Rc8 $11) (25. Qa4 Qa5 26. Qxa5 Bxa5 {[%csl Rb5]} 27. Rc6 Ke7 $15) 25... Rxb5
26. Qe2 {[%cal Ge2e6,Ge2b5]} Qe8 $1 {[%cal Ye8b5,Ye8e6]} 27. Rb1 e5 $1 (27...
Rxb1 28. Rxb1 $14 {[%cal Gb1b7]}) 28. Rxb5 Qxb5 29. f4 {[%cal Gf1f8]} Ne3 30.
fxe5+ $1 Nxf1 31. Qxf1+ Ke7 32. exd6+ {Avoiding perpetual check the black
exchange the queens after which the white create fortress by moving the king
to e2} 1/2-1/2

[Event "Chigorin Memorial 07th"]
[Site "St Petersburg"]
[Date "1999.11.05"]
[Round "4"]
[White "Polovodin, Igor A"]
[Black "Najer, Evgeniy"]
[Result "0-1"]
[WhiteElo "2463"]
[BlackElo "2562"]
[Annotator "Huzman,A"]
[PlyCount "56"]
[EventDate "1999.11.02"]
[EventType "swiss"]
[EventRounds "9"]
[EventCountry "RUS"]
[SourceTitle "CBM 074"]
[Source "ChessBase"]
[SourceDate "2000.02.01"]
[SourceVersion "1"]
[SourceVersionDate "2000.02.01"]
[SourceQuality "1"]

1. d4 d5 2. c4 dxc4 3. e4 Nc6 4. Be3 Nf6 5. f3 e5 6. d5 Nb4 (6... Ne7 7. Bxc4
c6 8. d6 Ng6 9. Qb3 Qd7 10. Nc3 Bxd6 11. O-O-O O-O 12. Bc5 Ne8 13. Qb4 Bxc5 14.
Qxc5 Qe7 {1/2-1/2 Bratchenko,A-Karavaev,V/Maikop 1998/CBM 66 (52)}) 7. Bxc4 (7.
Nc3 Nd3+ 8. Bxd3 cxd3 9. Rc1 a6 10. Qxd3 Bd6 11. Nge2 O-O 12. g4 Bd7 13. Ng3 c6
14. g5 Ne8 15. Nf5 Bxf5 16. exf5 Bb4 17. Qe4 Bxc3+ 18. Rxc3 Nd6 $15 {1/2-1/2
Laasanen,T-Kivimaki,J/Heart of Finland op 1997/EXT 99 (38)}) 7... c6 8. dxc6 (
8. Nc3 Nfxd5 9. Nxd5 Nxd5 10. Bxd5 cxd5 11. Qxd5 Qxd5 12. exd5 Bb4+ 13. Kf2 b6
14. Ne2 Bb7 15. a3 Bd6 16. Nc3 Rd8 $15 {0-1 Sorvari,J-Kivimaki,J/Jyvaskyla
1996/EXT 98 (60)}) 8... Qxd1+ 9. Kxd1 Nxc6 10. Ne2 (10. Nc3 Be6 11. Bxe6 fxe6
12. Rc1 Nd7 13. Nh3 Bc5 14. Ke2 Nd4+ 15. Bxd4 exd4 16. Nb5 Ke7 17. Rhd1 e5 18.
f4 $36 {1-0 Urday,H-Cruz,F/Buenos Aires 1998/CBM 67 ext (27)}) 10... Be7 11.
Nbc3 O-O 12. Kc2 $6 ({White had to provide Bc4 possibility to be on the
diaginal a2- g8 by} 12. a3 $142 Rd8+ 13. Kc2 Nd4+ (13... Na5 14. Ba2) 14. Bxd4
exd4 15. Nd5 Nxd5 16. Bxd5 Be6 17. Nf4 d3+ $1 (17... Rac8+ 18. Kd3 Bd7 19. Rhc1
$14) 18. Kb3 (18. Kxd3 Bg5 $1 (18... g5 19. Ne2 Bxd5 20. exd5 Rxd5+ 21. Kc2 $11
) 19. Nh3 Bf6 20. Nf4 (20. Rad1 Bxd5 21. exd5 Rxd5+ 22. Kc4 Re5 $17) 20... g5
21. Nh5 Bh8 $17) 18... Rd6 19. Rad1 Bg5 20. Nxd3 Bxd5+ 21. exd5 Rxd5 $11) 12...
Na5 $1 13. Bd5 (13. Nd5 Nxc4 (13... Nxd5 14. Bxd5 Bd7 15. Rad1 $14) 14. Nxe7+
Kh8 15. Bg5 Be6 16. Rad1 h6 $1 17. Bc1 (17. Bxf6 Ne3+ 18. Kb1 Nxd1 $17) 17...
Rfe8 18. Nd5 Bxd5 19. exd5 Rad8 $15 {[%csl Rd5]}) 13... Nxd5 14. Nxd5 Bd6 15.
Rhd1 ({White would keep equality if rooks were located rightly and the king
was in the safe position.} 15. Rac1 $1 Nc4 16. Bf2 Be6 17. Rhd1 $11) 15... Be6
16. Nec3 $2 (16. Rac1 $1 $11) 16... Rfc8 17. Rd3 (17. Rac1 Nc4 18. Bf2 b5 $36)
17... Nc4 18. Bf2 b5 $17 19. a3 (19. Rc1 b4 20. Ne2 Bxd5 21. exd5 e4 $1 (21...
Ne3+ 22. Kb3 Rxc1 23. Nxc1 Nxg2 $15) 22. fxe4 Ne5+ 23. Kd2 Nxd3 24. Kxd3 Rxc1
25. Nxc1 Rc8 $17) 19... a5 20. Nb6 (20. Kb1 Rab8 $1 $40) 20... Nxb6 21. Bxb6
Rc6 22. Be3 Rac8 23. Rad1 $2 (23. Kd1 $8 Bc4 24. Rd2 $17) 23... Bf8 24. Kb1 (
24. Kd2 b4 25. axb4 axb4 26. Na4 Rc2+ 27. Ke1 Rxg2 $19) 24... Bb3 $1 25. Rc1 b4
26. axb4 axb4 27. Nd5 Rxc1+ 28. Bxc1 Bc2+ $19 0-1

[Event "RUS-chT 05th"]
[Site "Maikop"]
[Date "1998.06.04"]
[Round "2"]
[White "Epishin, Vladimir"]
[Black "Vaulin, Alexander"]
[Result "0-1"]
[WhiteElo "2590"]
[BlackElo "2535"]
[Annotator "Huzman,A"]
[PlyCount "122"]
[EventDate "1998.06.03"]
[EventType "team-tourn"]
[EventRounds "11"]
[EventCountry "RUS"]
[SourceTitle "CBM 066"]
[Source "ChessBase"]
[SourceDate "1998.09.30"]
[SourceVersion "1"]
[SourceVersionDate "1998.09.30"]
[SourceQuality "1"]
[WhiteTeam "Sankt Petersburg"]
[BlackTeam "Ekaterinburg Agat"]
[WhiteTeamCountry "RUS"]
[BlackTeamCountry "RUS"]

1. d4 d5 2. c4 dxc4 3. e4 Nc6 4. Be3 Nf6 5. Nc3 e5 6. d5 Na5 7. Nf3 (7. Qa4+ c6
8. dxc6 Nxc6 9. Bxc4 Bb4 10. Nf3 O-O 11. O-O Bxc3 12. bxc3 Nxe4 13. Bxf7+ Rxf7
14. Qxe4 Bf5 $10 {Vyzmanavin,A-Sadler,M/Paris rap/1994/}) 7... Bd6 8. Qa4+ (8.
Nd2 Ng4 (8... O-O 9. Nxc4 Nxc4 10. Bxc4 Ng4 11. Qd2 $8 Nxe3 12. Qxe3 a6 13. O-O
Bd7 14. Rac1 Qe7 $15 {Candela-Baltar, Madrid 95.}) 9. Qf3 Qh4 10. g3 Qe7 11.
Nxc4 Nxc4 12. Bxc4 O-O 13. O-O-O Nxe3 14. fxe3 a6 $15 {0-1 Harovelo,I-Bacrot,E/
FRA-chT 1996 (39)}) (8. Bxc4 Nxc4 9. Qa4+ c6 $1 10. Qxc4 cxd5 11. Nxd5 $6 Nxd5
12. Qxd5 Bb4+ 13. Ke2 Qxd5 14. exd5 f6 $15 {0-1 Adianto,U-Wolff,P/Najdorf 1997
(39)}) 8... Bd7 9. Qxa5 a6 10. Bc5 $146 (10. Nb1 $4 Nxe4 11. Kd1 c3 {0-1
Illescas Cordoba,M-Sadler,M/Linares zt 1995}) (10. Na4 b6 (10... Nxe4 11. Bxc4
b5 12. Bb3) 11. Nxb6 cxb6 12. Bxb6 Qe7 13. a3 c3 14. bxc3 Nxe4 15. Be2 O-O 16.
O-O Nc5 17. Bxc5 Bxc5 18. Bd3 Qd6 $15 {1/2-1/2 Stocek,J-Gonzalez Garcia,J/
Koszeg GM 1997 (33)}) (10. Bxc4 b6 11. Qxa6 Rxa6 12. Bxa6 O-O 13. O-O Ng4 14.
Bd2 f5 15. exf5 Bxf5 16. h3 Nf6 $17 {Karpov,A-Lautier,J/Monaco rapid 1996/1/
2-1/2 (57)}) 10... b6 11. Bxd6 $1 (11. Qb4 Bxc5 12. Qxc4 Ng4 13. Nd1 Qe7 $15 {
/-/+}) 11... bxa5 12. Ba3 {[%cal Gf3e5]} Rb8 $1 13. Nxe5 Rb4 $1 (13... Ng4 14.
Nxc4 (14. Nxd7 Qxd7 15. Bxc4 Rb4 $17) (14. Nxg4 Bxg4 15. Bxc4 Rb4 16. Bxa6 $44)
14... Qh4 15. Bc5 Nxh2 16. O-O-O $44) 14. Bxc4 O-O $17 {[%cal Yf8e8]} 15. b3 (
15. Bxa6 Re8 16. Nxd7 Rbxe4+ $19) 15... Re8 16. f4 g5 $1 (16... Ng4 17. Nxg4 (
17. Nxd7 Qxd7 $17 {[%cal Yg4e3]}) 17... Bxg4 18. O-O $44) 17. g3 (17. O-O gxf4
18. Nxd7 Nxd7 19. Rxf4 Ne5 (19... Rb6 20. d6 Ne5 21. Nd5 $44) 20. Bxb4 axb4 21.
Ne2 Qd6 $17) 17... gxf4 18. gxf4 Rxe5 19. Rg1+ (19. fxe5 Ng4 20. O-O-O (20.
Bxb4 Qh4+ 21. Kd2 axb4 22. Ne2 Qg5+ 23. Kc2 Qxe5 $17) (20. h4 Nxe5 21. Bxb4
axb4 22. Ne2 Qf6 $17) 20... Qg5+ 21. Kb1 (21. Kb2 Ne3 (21... Nf2 22. Rdg1 (22.
e6 Nxd1+ 23. Rxd1 Be8 $17) 22... Bg4 $17) 22. Rdg1 Nxc4+ 23. Ka1 Bg4 24. bxc4
$44) 21... Qxe5 22. Bxb4 (22. Rc1 Rb6 23. Bc5 Rg6 $17)) 19... Ng4 20. fxe5 Qh4+
21. Rg3 (21. Kd2 Qxh2+ 22. Ne2 Qxe5 $17) 21... Qxh2 (21... Rxc4 $142 $5 22.
bxc4 Qxh2 23. Ne2 Qh1+ 24. Rg1 Qxe4 $17) 22. Ne2 Qh1+ 23. Rg1 Qxe4 24. Bxb4
axb4 25. e6 $1 fxe6 26. dxe6 Bxe6 27. Rc1 $1 $17 {/=/+} h5 (27... c6 28. Bxe6+
Qxe6 29. Rc4 h5 30. Rxb4 $15) 28. Bxe6+ Qxe6 29. Rxc7 Qe5 {[%csl Ra2,Rb3][%cal
Ye5a1,Ya1a2]} 30. Rc1 a5 31. Rg3 Kh7 {[%cal Yh7g5,Yh5h4]} 32. Rd3 Kh6 33. Rc4 (
33. Rcd1 Ne3 34. R1d2 h4 $17) 33... Qa1+ $6 (33... Ne3 $1 34. Rc1 h4 35. Kd2
Nf5 $17 {/=/+}) 34. Kd2 Qxa2+ 35. Rc2 Qb1 36. Rd6+ (36. Rc6+ Kg5 37. Rc5+ Kh4 (
37... Kf6 38. Rxh5) 38. Rdd5 Qa2+ 39. Ke1 Nf6 40. Rd4+ Ng4 41. Rdd5 $132) 36...
Kg5 37. Rd5+ Kh4 38. Nf4 $2 (38. Rcc5 $1 Nf6 39. Rc4+ Ng4 (39... Kh3 $4 40.
Rd3+ $18) 40. Rcc5 $11) 38... Nf6 $5 (38... Nf2 $1 39. Rxh5+ (39. Rc4 Qd1+ 40.
Ke3 Ng4+ 41. Ke4 Nf6+ $19) 39... Kg4 $19 40. Rc4 $140 Kf3) 39. Rd4 Ng4 (39...
Qxb3 40. Rc5 Qf3 $1 41. Nxh5+ Ne4+ 42. Kc2 b3+ 43. Kb1 Qg2 $19) 40. Rd3 Nf6 41.
Rd4 Qxb3 $19 42. Ng2+ Kg5 43. Ne3 Qe6 44. Kd3 Qa6+ 45. Nc4 Qb5 46. Re2 Ng4 47.
Rd6 Qc5 48. Ree6 Nf2+ 49. Ke2 Qxc4+ 50. Kxf2 b3 51. Rb6 a4 52. Ke3 Qc3+ 53. Ke4
b2 54. Rb5+ Kh4 55. Reb6 a3 56. Rb4 Qe1+ 57. Kd3+ Kh3 58. Rb3 Kh2 59. R6b4 Qd1+
60. Kc4 Qg4+ 61. Kb5 Kh1 0-1

[Event "Budapest FS06 GM"]
[Site "Budapest"]
[Date "1999.06.11"]
[Round "7"]
[White "Seres, Lajos"]
[Black "Zontakh, Andrey"]
[Result "0-1"]
[WhiteElo "2428"]
[BlackElo "2530"]
[Annotator "Huzman,A"]
[PlyCount "77"]
[EventDate "1999.06.??"]
[EventType "tourn"]
[EventRounds "10"]
[EventCountry "HUN"]
[EventCategory "9"]
[SourceTitle "CBM 072"]
[Source "ChessBase"]
[SourceDate "1999.10.01"]
[SourceVersion "1"]
[SourceVersionDate "1999.10.01"]
[SourceQuality "1"]

1. d4 d5 2. c4 dxc4 3. e4 Nc6 4. Nf3 Bg4 5. d5 Ne5 6. Bf4 Ng6 7. Bg3 e5 (7...
Nf6 8. Nc3 e6 9. Bxc4 exd5 10. Bxd5 c6 11. Qa4 Bxf3 12. gxf3 Be7 13. Bb3 O-O
14. e5 Nd7 15. Rd1 Qc8 16. Bxf7+ Rxf7 17. e6 Rxf3 18. exd7 Qf8 19. Qb3+ $16 {
1-0 Xu Jun-Nikolic,N/Belgrade 1988/TD 88\07 (47)}) 8. Nc3 Nf6 9. h3 Bxf3 10.
Qxf3 a6 11. Bxc4 Bc5 12. O-O h5 $1 {Starting an original plan of counterattack
on King`side. Black are adding Rook to an attack.} 13. Rac1 h4 14. Bh2 Rh5 $5
15. a3 Rg5 16. b4 Bd6 (16... Ba7 17. Bb3 $16 {[%cal Gc3a4,Ga4c5]}) 17. Rfd1 Nh5
18. Kh1 Kf8 19. Bf1 Kg8 20. Na4 b6 21. Nb2 b5 22. Nd3 Ngf4 23. Nc5 {[%cal
Gc5b7]} Qc8 24. Rd2 $5 (24. g4 Nf6 (24... hxg3 25. fxg3 Nxh3 26. g4 Qxg4 27.
Qxh3 $16) 25. Re1 Ng6 (25... Nd7) 26. Qe3 Nf4 27. Qc3 Ng6 28. Qd2 Nf4 29. Bxf4
exf4 30. Nd3 Nxg4 $1 $40) 24... Nf6 25. a4 bxa4 26. Ra2 a5 $1 27. Nxa4 $2 (27.
Rxa4 axb4 28. Rxb4 $14) (27. bxa5 Rxa5 28. Nxa4 Qa8 29. Rca1 $16 {White would
keep positional advantage as Black`s attack went nowhere.}) 27... axb4 $1 28.
Nb6 cxb6 29. Rxc8+ Rxc8 30. Qe3 (30. Bxf4 exf4 31. Bd3 b3 (31... Rc1+ 32. Kh2
Rg3 33. Ra8+ Kh7 34. e5+ $18) 32. Rb2 $140 Rc1+ 33. Kh2 Rg3 $19) 30... Rc3 31.
Qxb6 $6 (31. Ra8+ Kh7 32. Qe1) 31... Nxe4 32. Ra1 (32. Bxf4 exf4 33. Qd8+ Kh7
34. Qe8 f5 {[%cal Gd6c5,Rc5f2,Re4f2]}) 32... Kh7 33. Bg1 Bc5 $17 34. Qd8 f6 $6
(34... Bxf2 $17) 35. d6 $2 (35. Ra8 $1 Bxf2 36. Qh8+ Kg6 37. Qe8+ Kh7 38. Qh8+
$11) 35... Nxd6 36. Re1 b3 $19 37. Qa5 (37. Qb8 Nf5 38. Rd1 Nd4) 37... Bd4 38.
Qb4 b2 39. Qxd6 (39. Qxd6 Rc1 40. Qb4 Bc3 $19) 0-1